000 00764nam a22002297a 4500
008 240525b mp ||||| |||| 00| 0 mon d
020 _a99929-0343-0
035 _a10386
040 _aСэлэнгэ аймгийн нийтийн номын сан
_bmon
_cMN-UlNLM
_dMN-UlNLM
_erda
041 _amon
042 _a21263
084 _2НСНЗА
_a63.8
_bК-795
100 _aКремнев Б.
245 0 _aВольфгант Амадей Моцарт
264 _aУлаанбаатар
_bмонсудар
_c2006
300 _a251
336 _2rdacontent
_atext
_btxt
337 _2rdamedia
_aunmediated
_bn
338 _2rdacarrier
_avolume
_bnc
650 _aГарчиг: Гэр бүл Вольфгант Амадей Моцарт
942 _2NNA
_cBK
999 _c709724
_d709781